000 00790cab a2200229 4500
001 ABS59527
008 090401t1998 xxu||||| |||| 00| 0 eng d
035 _a(Sirsi) u89422
041 _aeng
100 _aLlewellyn, N.
245 2 _aA welcome opportunity to limit claims exposure
260 _c1998
350 _a0
490 _aProperty Week
_v63(26) 23 October 1998, 56(1)
520 _aOutlines the benefits of a draft bill which would allow professional firms to operate as limited liability partnerships. Also details some practical considerations.
650 _aLIMITED LIABILITY PARTNERSHIPS
650 _aPRACTICE MANAGEMENT
650 _aPROFESSIONAL LIABILITY
690 _aMANAGEMENT-BUSINESS MANAGEMENT-PROFESSIONAL PRACTICE
942 _n0
948 _c03/11/1998
999 _c56567
_d56567